LEADER 02663oas 2201021 a 450 001 9910145638703321 005 20260310213014.0 011 $a1480-3321 035 $a(OCoLC)1082477845 035 $a(CONSER)cn 99790010 035 $a(CKB)954925546282 035 $a(EXLCZ)99954925546282 100 $a19980423a19989999 ua a 101 0 $aeng 135 $aurcn||||||||| 181 $ctxt$2rdacontent 182 $cc$2rdamedia 183 $acr$2rdacarrier 200 10$aGenome =$eGe?nome 210 $a[Ottawa] $c[NRC Research Press, National Research Council Canada]$d[1998]- 300 $aRefereed/Peer-reviewed 300 $aTitle from title screen. 311 08$a0831-2796 531 0 $aGenome 606 $aGenetics$vPeriodicals 606 $aCytogenetics$vPeriodicals 606 $aGenomes 606 $aGenetics$vPeriodicals 606 $aCytogenetics$xPeriodicals 606 $aGenome 606 $aGenetics 606 $aGe?ne?tique$xPe?riodiques 606 $aCytoge?ne?tique$xPe?riodiques 606 $aGe?ne?tique$vPe?riodiques 606 $aCytoge?ne?tique$vPe?riodiques 606 $aGe?nomes 606 $aGenetics & Genomics$2ebps 606 $aCytogenetics$2fast$3(OCoLC)fst00886262 606 $aGenetics$2fast$3(OCoLC)fst00940117 606 $aGenomes$2fast$3(OCoLC)fst00940225 608 $aPeriodical 608 $aPeriodicals.$2fast 608 $aperiodicals.$2aat 608 $aPeriodicals.$2lcgft 608 $aPe?riodiques.$2rvmgf 615 0$aGenetics 615 0$aCytogenetics 615 0$aGenomes. 615 0$aGenetics 615 0$aCytogenetics$xPeriodicals. 615 2$aGenome 615 2$aGenetics 615 6$aGe?ne?tique$xPe?riodiques. 615 6$aCytoge?ne?tique$xPe?riodiques. 615 6$aGe?ne?tique 615 6$aCytoge?ne?tique 615 6$aGe?nomes. 615 7$aGenetics & Genomics. 615 7$aCytogenetics. 615 7$aGenetics. 615 7$aGenomes. 676 $a576.5/05 686 $acci1icc$2lacc 686 $acoll11$2lacc 686 $acoll14$2lacc 712 02$aNational Research Council Canada. 801 0$bNLC 801 1$bNLC 801 2$bOCLCO 801 2$bAU@ 801 2$bOCL 801 2$bOCLCQ 801 2$bOCLCO 801 2$bOCLCA 801 2$bHQ1 801 2$bOCLCO 801 2$bORU 801 2$bVT2 801 2$bOCLCF 801 2$bCNMTR 801 2$bOCLCL 801 2$bSFB 801 2$bLDP 801 2$bUK7LJ 906 $aJOURNAL 912 $a9910145638703321 996 $aGenome$9795555 997 $aUNINA